| 000 | 01035cam a22003253a 4500 | ||
|---|---|---|---|
| 001 | 0000743 | ||
| 003 | DO-SdBPM | ||
| 005 | 20250707081955.0 | ||
| 007 | ta | ||
| 008 | 861112 2011 mx a 000 0 spa d | ||
| 010 | _a | ||
| 020 | _a9789681909789 | ||
| 040 |
_aDO-SdBPM _cspa _dBPMSU _erda _d |
||
| 082 | 4 |
_a863.6 _bA454a 2011 _222 |
|
| 100 | 1 |
_aAlonso, Fernando _d1941- _eautor |
|
| 245 | 1 | 3 |
_aEl árbol de los sueños / _cFernando Alonso ; ilustraciones Emilio Urberuaga |
| 250 | _a | ||
| 264 |
_aMéxico : _bSantillana ediciones generales, _c2011. |
||
| 300 |
_a124 págians. : _bilustraciones, _c20 cm. |
||
| 336 |
_atexte _btxt _2rdacontent |
||
| 337 |
_asin mediación _bn _2rdamedia |
||
| 338 |
_avolumen _bnc _2rdacarrier |
||
| 490 | 0 | _aAlfaguara juvenil | |
| 500 | _aIncluye datos biográficos de la autora. | ||
| 590 | _aInvetadiado, 2025/VM | ||
| 650 | 7 | _aCuentos juveniles españoles | |
| 700 | 1 |
_aUrberuaga, Fernando _eilustración |
|
| 910 | _aVMateo V. control de calidad. BPMSU | ||
| 942 |
_2ddc _cBK |
||
| 999 |
_c11652 _d11652 |
||